000 00730nam a2200205 i 4500
001 93032
003 ES-MaACL
005 20251014063138.0
007 t|
008 050407s1912 fr ||||1| fre d
100 1 _aLodge, Oliver,
_cSir,
_d1851-1940
_973074
245 1 3 _aLa survivance humaine
_b: étude de facultés non encore reconnues /
_cpar Sir Oliver Lodge ; traduit de l'anglais sur la troisième édition par le Dr. H. Bourbon ; préface de J. Maxwell.
260 _aParis :
_bFélix Alcan,
_c1912.
300 _aV, 267 p. ;
_c23 cm.
650 4 _aPoderes psíquicos.
_9149124
700 1 _aBourbon, H.
_930946
700 1 _aMaxwell, Joseph.
_979316
852 _aES-MaACL
_jB-6851
999 _c93032
_d93032